Régions de France par frontières en 20 secondes - Statistiques

Statistiques générales
  • Ce quiz a été pris 578 fois
  • Le résultat moyen est 13 sur 18
Réponses sur la Carte
Les réponses sont colorées sur une échelle allant du rouge au vert en fonction du pourcentage des utilisateurs qui les ont devinées à leur premier essai. Vous pouvez retrouver ces pourcentages ci-dessous.
 
Statistiques - réponses
région % Correct
Île-de-France
93%
Auvergne-Rhône-Alpes
92%
Centre-Val de Loire
92%
Hauts-de-France
91%
Bourgogne-Franche-Comté
90%
Grand Est
90%
Normandie
90%
Pays de la Loire
89%
Occitanie
88%
Nouvelle Aquitaine
87%
Bretagne
84%
Provence-Alpes-Côte d'Azur
82%
Corse
65%
Guyane
33%
Guadeloupe
32%
Martinique
32%
La Réunion
30%
Mayotte
23%
Aucun quiz correspondant
Distribution des résultats
% des personnes avec chaque résultat
Percentile par nombre de réponses
Votre historique - résultats
Vous n’avez pas pris ce quiz